Southville International School and Colleges
Your cart is empty.
  • Cart
  • Lists
    Public lists Eva Luna New books Lux_list list_1
    Your lists Log in to create your own lists
  • Log in to your account
  • Your cookies
  • Search history
Southville International School and Colleges
  • Advanced search
  • Recent comments
  • Most popular
  • Libraries

Log in to your account

Log in with GOOGLE


If you do not have an external account, but do have a local account, you can still log in:

  1. Home
  2. MARC view: International management : managing across borders and cultures
Normal view MARC view ISBD view

International management : managing across borders and cultures (Record no. 365928)

[ view plain ]
MARC details
000 -LEADER
fixed length control field 00758nam a22002177a 4500
003 - CONTROL NUMBER IDENTIFIER
control field 0
005 - DATE AND TIME OF LATEST TRANSACTION
control field 20240215090901.0
008 - FIXED-LENGTH DATA ELEMENTS--GENERAL INFORMATION
fixed length control field 240215b xxu||||| |||| 00| 0 eng d
020 ## - INTERNATIONAL STANDARD BOOK NUMBER
International Standard Book Number 978-1-292-43036-2
050 ## - LIBRARY OF CONGRESS CALL NUMBER
Classification number HD 62.4
Item number .D47 2023
100 ## - MAIN ENTRY--PERSONAL NAME
Personal name Deresky, Helen
245 ## - TITLE STATEMENT
Title International management : managing across borders and cultures
Statement of responsibility, etc Helen Deresky
250 ## - EDITION STATEMENT
Edition statement Global edition
260 ## - PUBLICATION, DISTRIBUTION, ETC. (IMPRINT)
Place of publication, distribution, etc Harlow, England
Name of publisher, distributor, etc Pearson
Date of publication, distribution, etc c2023.
300 ## - PHYSICAL DESCRIPTION
Extent 407 pages :
Other physical details illustrations ;
Dimensions 28 cm.
504 ## - BIBLIOGRAPHY, ETC. NOTE
Bibliography, etc Includes bibliographical references, index, and glossary.
650 ## - SUBJECT ADDED ENTRY--TOPICAL TERM
Topical term or geographic name as entry element International business enterprises--management.
650 ## - SUBJECT ADDED ENTRY--TOPICAL TERM
Topical term or geographic name as entry element International business enterprises--management cases.
650 ## - SUBJECT ADDED ENTRY--TOPICAL TERM
Topical term or geographic name as entry element Industrial management.
942 ## - ADDED ENTRY ELEMENTS (KOHA)
Source of classification or shelving scheme Library of Congress Classification
Koha item type Books
Holdings
Withdrawn status Lost status Source of classification or shelving scheme Damaged status Home library Current library Shelving location Date acquired Source of acquisition Sub Shelving location Total Checkouts Full call number Barcode Date last seen Price effective from Koha item type
    Library of Congress Classification   College Library College Library Reserve Section 02/15/2024 Library Fund     HD 62.4 .D47 2023 C23289 02/15/2024 02/15/2024 Books

International management : managing across borders and cultures

APA

Deresky H., . (2023). International management : managing across borders and cultures. Harlow, England: Pearson.

Chicago

Deresky Helen, . 2023. International management : managing across borders and cultures. Harlow, England: Pearson.

Harvard

Deresky H., . (2023). International management : managing across borders and cultures. Harlow, England: Pearson.

MLA

Deresky Helen, . International management : managing across borders and cultures. Harlow, England: Pearson. 2023.

  • Place hold
  • Print
  • Cite
  • Add to your cart (remove)
  • Save record
    BIBTEX Dublin Core MARCXML MARC (non-Unicode/MARC-8) MARC (Unicode/UTF-8) MARC (Unicode/UTF-8, Standard) MODS (XML) RIS
  • More searches
    Search for this title in:
    Other Libraries (WorldCat) Other Databases (Google Scholar) Online Stores (Bookfinder.com) Open Library (openlibrary.org)

Exporting to Dublin Core...

SOUTHVILLE LIBRARY

Southville International School and Colleges Library

1281 Tropical Ave. Cor. Luxembourg St., BF Homes International, Las Pinas City

Tel. No. 8256374 / 252358 Loc. 117/146

Powered by Koha